000 00490nam a22001817a 4500
003 OSt
005 20140310182216.0
008 130907t xxu||||| |||| 00| 0 eng d
020 _a9712200612
050 _aTX 809
_b.F486 1994
082 _aHS 633.18
_bL51 1994
245 _aFilling the world's rice bowl /
260 _aPhilippines :
_bInternational Rice Research Institute,
_cc1994.
300 _a96 p. :
_c28 cm.
650 _aRice.
_917019
942 _2lcc
_cHS
999 _c10585
_d10585